书目信息 |
| 题名: |
煤化工工艺学
|
|
| 作者: | 郭树才 , 胡浩权 主编 | |
| 分册: | ||
| 出版信息: | 北京 化学工业出版社 2012 |
|
| 页数: | 367页 | |
| 开本: | 26cm | |
| 丛书名: | ||
| 单 册: | ||
| 中图分类: | TQ53 | |
| 科图分类: | ||
| 主题词: | 工艺学 , 煤化工 , 煤化工--工艺学--高等学校--教材 | |
| 电子资源: | ||
| ISBN: | 978-7-122-14608-3 | |
| 000 | 01026nam0 2200289 45 | |
| 001 | 1354518593 | |
| 005 | 20130510085047.04 | |
| 010 | @a978-7-122-14608-3@dCNY42.00 | |
| 100 | @a20130108d2012 em y0chiy50 ea | |
| 101 | 0 | @achi |
| 102 | @aCN@b110000 | |
| 105 | @aa z 000yy | |
| 106 | @ar | |
| 200 | 1 | @a煤化工工艺学@AMei Hua Gong Gong Yi Xue@f郭树才,胡浩权主编@FGuo Shu Cai, Hu Hao Quan Zhu Bian |
| 205 | @a3版 | |
| 210 | @a北京@c化学工业出版社@d2012 | |
| 215 | @a367页@c图@d26cm | |
| 300 | @a高等学校教材 | |
| 330 | @a本书是2006年7月出版的全国高等学校煤化工专业教材《煤化工工艺学》(第二版)的修订本。新版书在内容上增加了工艺和设备等方面的最新成果。全书共分为9章,介绍了煤炭资源、煤的低温干馏、炼焦、炼焦化学产品的回收与精制、煤的气化等内容。 | |
| 606 | 0 | @a工艺学 |
| 606 | 0 | @a煤化工 |
| 606 | 0 | @a煤化工@x工艺学@x高等学校@j教材 |
| 690 | @aTQ53@v5 | |
| 701 | 0 | @a郭树才@AGuo Shu Cai@4主编 |
| 701 | 0 | @a胡浩权@AHu Hao Quan@4主编 |
| 801 | @aCN@bTANGWEI@c20130108 | |
| 905 | @b0830481-85@dTQ53@e31=3@f3 | |
| 煤化工工艺学/郭树才,胡浩权主编.-3版.-北京:化学工业出版社,2012 |
| 367页:图;26cm |
| 高等学校教材 |
| ISBN 978-7-122-14608-3:CNY42.00 |
| 本书是2006年7月出版的全国高等学校煤化工专业教材《煤化工工艺学》(第二版)的修订本。新版书在内容上增加了工艺和设备等方面的最新成果。全书共分为9章,介绍了煤炭资源、煤的低温干馏、炼焦、炼焦化学产品的回收与精制、煤的气化等内容。 |
| ● |
| 相关链接 |
|
|
|
|
正题名:煤化工工艺学
索取号:TQ53/31=3
 
预约/预借
| 序号 | 登录号 | 条形码 | 馆藏地/架位号 | 状态 | 备注 |
| 1 | 0830481 | 208304814 | 第二样本阅览室/ [索取号:TQ53/31=3] | 在馆 | |
| 2 | 0830482 | 208304823 | 密集书库-化学系/ [索取号:TQ53/31=3] | 在馆 | |
| 3 | 0830483 | 208304832 | 第三借阅区/ [索取号:TQ53/31=3] | 在馆 |